[Event "NRW Class2 1819"]
[Site "Germany"]
[Date "2019.05.12"]
[Round "9.3"]
[White "Browning, Alex"]
[Black "Berndt, Axel"]
[Result "1-0"]
[WhiteElo "2148"]
[BlackElo "2230"]
[PlyCount "87"]
[EventDate "2018.09.16"]
[EventType "team-tourn"]
[EventRounds "9"]
[EventCountry "GER"]
[SourceTitle "EXT 2023"]
[Source "ChessBase"]
[SourceDate "2022.10.05"]
[SourceVersion "1"]
[SourceVersionDate "2022.10.05"]
[SourceQuality "1"]
[WhiteTeam "Plettenberg"]
[BlackTeam "Duesseldorf II"]
[WhiteTeamCountry "GER"]
[BlackTeamCountry "GER"]

1. e4 Nf6 2. e5 Nd5 3. d4 d6 4. Nf3 g6 5. Be2 Bg7 6. exd6 cxd6 7. 0-0 0-0 8. c4 Nb6 9. Nc3 Nc6 10. Be3 Bg4 11. b3 d5 12. c5 Nc8 13. b4 a6 14. Rb1 e6 15. a4 N8e7 16. b5 axb5 17. axb5 Na5 18. Bg5 h6 19. Bc1 Bxf3 20. Bxf3 Nf5 21. Be3 Nc4 22. Re1 Ra3 23. Rb3 Qa5 24. Rxa3 Qxa3 25. Qd3 h5 26. Be2 Ra8 27. Bf1 Rd8 28. Bc1 Qb4 29. Bg5 Ra8 30. Rb1 Qa5 31. Ne2 Qc7 32. Bf4 Qd8 33. b6 Ra3 34. Qd1 Qd7 35. Ra1 Nb2 36. Qc1 Rxa1 37. Qxa1 Nd3 38. Bc7 Kh7 39. Qb1 Nxf2 40. Kxf2 Nxd4 41. Qd1 Nb5 42. Qa4 e5 43. Ng3 h4 44. Qxh4+ 1-0

[Event "Gelsenkirchen Silvester op 2nd"]
[Site "Gelsenkirchen"]
[Date "2014.12.28"]
[Round "3"]
[White "Berndt, Axel"]
[Black "Arndt, Olaf"]
[Result "1-0"]
[WhiteElo "2212"]
[BlackElo "2009"]
[PlyCount "47"]
[EventDate "2014.12.27"]
[EventType "swiss"]
[EventRounds "5"]
[EventCountry "GER"]
[SourceTitle "EXT 2019"]
[Source "ChessBase"]
[SourceDate "2018.10.10"]
[SourceVersion "1"]
[SourceVersionDate "2018.10.10"]
[SourceQuality "1"]

1. e4 d5 2. exd5 Nf6 3. d4 Nxd5 4. c4 Nb6 5. Nf3 g6 6. h3 Bg7 7. Nc3 0-0 8. Be2 Nc6 9. Be3 e5 10. d5 Ne7 11. g4 f5 12. Qb3 e4 13. Ng5 h6 14. 0-0-0 hxg5 15. c5 f4 16. d6+ Ned5 17. Nxd5 Nxd5 18. Qxd5+ Kh8 19. h4 gxh4 20. g5 h3 21. d7 Bxd7 22. Qxd7 Qxd7 23. Rxd7 fxe3 24. Rxh3+ 1-0

[Event "Gelsenkirchen Silvester op 2nd"]
[Site "Gelsenkirchen"]
[Date "2014.12.28"]
[Round "4"]
[White "Berndt, Axel"]
[Black "Zaitsev, Mikhail"]
[Result "0-1"]
[WhiteElo "2212"]
[BlackElo "2487"]
[PlyCount "68"]
[EventDate "2014.12.27"]
[EventType "swiss"]
[EventRounds "5"]
[EventCountry "GER"]
[SourceTitle "EXT 2019"]
[Source "ChessBase"]
[SourceDate "2018.10.10"]
[SourceVersion "1"]
[SourceVersionDate "2018.10.10"]
[SourceQuality "1"]

1. e4 e5 2. Nf3 d6 3. d4 exd4 4. Nxd4 Nf6 5. Nc3 Be7 6. Be3 0-0 7. f3 Re8 8. Qd2 d5 9. exd5 Nxd5 10. Nxd5 Qxd5 11. Nb5 Bh4+ 12. Kd1 Qe5 13. g3 Bf6 14. Bd3 Qxb2 15. Ke2 Na6 16. Kf2 Bd7 17. Rab1 Qxa2 18. Nxa7 Rad8 19. Rhd1 Bf5 20. Nb5 Bxd3 21. cxd3 Qe6 22. Re1 Qh3 23. Kg1 Qf5 24. Bf4 Rxe1+ 25. Qxe1 Qxd3 26. Qf1 Qd5 27. Kg2 c6 28. Nc7 Qa2+ 29. Kh1 Nxc7 30. Bxc7 Rd2 31. g4 h5 32. Rxb7 Kh7 33. Rb8 Qd5 34. gxh5 Rd1 0-1

[Event "BL2-West 1314"]
[Site "Germany"]
[Date "2013.11.10"]
[Round "2.5"]
[White "Van den Doel, Erik"]
[Black "Berndt, Axel"]
[Result "1-0"]
[WhiteElo "2564"]
[BlackElo "2217"]
[PlyCount "59"]
[EventDate "2013.10.13"]
[EventType "team-tourn"]
[EventRounds "9"]
[EventCountry "GER"]
[SourceTitle "EXT 2015"]
[Source "ChessBase"]
[SourceDate "2014.11.20"]
[SourceVersion "1"]
[SourceVersionDate "2014.11.20"]
[SourceQuality "1"]
[WhiteTeam "Koeln Porz"]
[BlackTeam "Duesseldorf"]
[WhiteTeamCountry "GER"]
[BlackTeamCountry "GER"]

1. e4 Nf6 2. e5 Nd5 3. d4 d6 4. Nf3 g6 5. Bc4 Nb6 6. Bb3 Bg7 7. exd6 cxd6 8. 0-0 0-0 9. Re1 Nc6 10. c3 Bf5 11. Bg5 h6 12. Bh4 Re8 13. Nbd2 Na5 14. Bc2 Bxc2 15. Qxc2 d5 16. Re2 Qc7 17. Ne5 Nd7 18. Ndf3 Nxe5 19. dxe5 e6 20. Rae1 Qc4 21. b3 Qc7 22. Bf6 Bxf6 23. exf6 Qf4 24. Rxe6 Rxe6 25. Rxe6 Kh7 26. Ne5 Nc6 27. g3 Qf5 28. Qxf5 gxf5 29. Nxf7 Kg6 30. Nd6 1-0

[Event "Oberliga NRW 1213"]
[Site "Germany"]
[Date "2013.02.17"]
[Round "6.8"]
[White "Berndt, Axel"]
[Black "Eggenstein, Frank"]
[Result "1-0"]
[WhiteElo "2120"]
[BlackElo "1989"]
[PlyCount "43"]
[EventDate "2012.09.16"]
[EventType "team-tourn"]
[EventRounds "9"]
[EventCountry "GER"]
[SourceTitle "EXT 2017"]
[Source "ChessBase"]
[SourceDate "2016.10.25"]
[SourceVersion "1"]
[SourceVersionDate "2016.10.25"]
[SourceQuality "1"]
[WhiteTeam "Duesseldorf"]
[BlackTeam "Erkenschwick"]
[WhiteTeamCountry "GER"]
[BlackTeamCountry "GER"]

1. e4 e6 2. d4 d5 3. Nc3 Bb4 4. e5 Ne7 5. a3 Bxc3+ 6. bxc3 c5 7. a4 Qa5 8. Bd2 Nbc6 9. Nf3 Bd7 10. Bb5 Qc7 11. 0-0 0-0 12. Re1 Na5 13. Bd3 Ng6 14. Ng5 Bc8 15. Qh5 h6 16. Nh3 c4 17. Bxg6 fxg6 18. Qxg6 Qf7 19. Qg3 Bd7 20. Bxh6 Kh8 21. Bc1 Qh5 22. Nf4 1-0

[Event "NRW Class1 1112"]
[Site "Germany"]
[Date "2012.04.29"]
[Round "9.7"]
[White "Garweg, Udo"]
[Black "Berndt, Axel"]
[Result "0-1"]
[WhiteElo "1976"]
[BlackElo "2088"]
[PlyCount "146"]
[EventDate "2011.09.18"]
[EventType "team-tourn"]
[EventRounds "9"]
[EventCountry "GER"]
[SourceTitle "EXT 2015"]
[Source "ChessBase"]
[SourceDate "2014.11.20"]
[SourceVersion "1"]
[SourceVersionDate "2014.11.20"]
[SourceQuality "1"]
[WhiteTeam "Ennepe Ruhr Sued"]
[BlackTeam "Duesseldorf"]
[WhiteTeamCountry "GER"]
[BlackTeamCountry "GER"]

1. e4 Nf6 2. e5 Nd5 3. d4 d6 4. c4 Nb6 5. exd6 cxd6 6. Nc3 g6 7. Bd3 Bg7 8. Nge2 0-0 9. 0-0 Nc6 10. Be3 Nb4 11. b3 Nxd3 12. Qxd3 Bf5 13. Qd2 Re8 14. Rad1 Bg4 15. f3 Bc8 16. d5 Nd7 17. Rfe1 Ne5 18. Bd4 h5 19. f4 Bh6 20. Qb2 Ng4 21. h3 Nf6 22. Qd2 Bf5 23. Ng3 Qd7 24. Nge4 Nxe4 25. Nxe4 a6 26. Bb2 Bg7 27. Bxg7 Kxg7 28. Re2 b5 29. Qd4+ Kg8 30. Rde1 bxc4 31. bxc4 Bxe4 32. Qxe4 Rac8 33. Rf1 e6 34. Rfe1 Qa4 35. c5 Qxe4 36. Rxe4 dxc5 37. dxe6 fxe6 38. Rxe6 Kf7 39. Rxe8 Rxe8 40. Rc1 Rc8 41. Kf2 Ke6 42. g3 Kd5 43. Ke3 c4 44. Rd1+ Kc5 45. Rd7 Kb4 46. Kd2 Rc6 47. Kc2 Re6 48. Rb7+ Kc5 49. Rg7 Kd4 50. g4 h4 51. Rd7+ Ke4 52. Rh7 Kxf4 53. Rxh4 Re2+ 54. Kc3 Rxa2 55. Kxc4 Rb2 56. Rh8 a5 57. Ra8 Rh2 58. Rxa5 Rxh3 59. g5 Rg3 60. Kd4 Rxg5 61. Ra6 Rg1 62. Kd3 g5 63. Ke2 Kg3 64. Ra3+ Kh2 65. Ra5 g4 66. Rh5+ Kg2 67. Rg5 g3 68. Rg7 Ra1 69. Rg8 Kh2 70. Rh8+ Kg1 71. Rh7 Ra2+ 72. Ke1 Rh2 73. Rg7 g2 0-1

[Event "Landesliga Sued 9900"]
[Site "Bayern"]
[Date "1999.11.07"]
[Round "2.1"]
[White "Berndt, Axel"]
[Black "Froehlich, Peter"]
[Result "1/2-1/2"]
[WhiteElo "2170"]
[BlackElo "1855"]
[PlyCount "30"]
[EventDate "1999.10.10"]
[EventType "team-tourn"]
[EventRounds "9"]
[EventCountry "GER"]
[SourceTitle "EXT 2020"]
[Source "ChessBase"]
[SourceDate "2019.10.17"]
[SourceVersion "1"]
[SourceVersionDate "2019.10.17"]
[SourceQuality "1"]
[WhiteTeam "Sendling SC"]
[BlackTeam "Kriegshaber SK"]
[WhiteTeamCountry "GER"]
[BlackTeamCountry "GER"]

1. e4 c5 2. c3 d5 3. exd5 Qxd5 4. d4 Nc6 5. Nf3 Nf6 6. Na3 Bg4 7. Be2 0-0-0 8. 0-0 e5 9. c4 Qe4 10. d5 Nd4 11. Nxd4 Qxd4 12. Bxg4+ Qxg4 13. Qxg4+ Nxg4 14. h3 Nf6 15. Re1 Nd7 1/2-1/2

[Event "Landesliga Sued 9900"]
[Site "Bayern"]
[Date "1999.10.10"]
[Round "1.1"]
[White "Christensen, Niels"]
[Black "Berndt, Axel"]
[Result "1-0"]
[WhiteElo "2110"]
[BlackElo "2170"]
[PlyCount "85"]
[EventDate "1999.10.10"]
[EventType "team-tourn"]
[EventRounds "9"]
[EventCountry "GER"]
[SourceTitle "EXT 2020"]
[Source "ChessBase"]
[SourceDate "2019.10.17"]
[SourceVersion "1"]
[SourceVersionDate "2019.10.17"]
[SourceQuality "1"]
[WhiteTeam "Muenchen FC Bayern II"]
[BlackTeam "Sendling SC"]
[WhiteTeamCountry "GER"]
[BlackTeamCountry "GER"]

1. c4 Nf6 2. Nc3 c5 3. g3 d5 4. cxd5 Nxd5 5. Bg2 Nc7 6. Nf3 Nc6 7. 0-0 e5 8. a3 Be7 9. b4 f6 10. bxc5 Ne6 11. Ne4 0-0 12. Qc2 f5 13. Nd6 Bxd6 14. cxd6 e4 15. Ne1 Ned4 16. Qd1 Qxd6 17. d3 Qe5 18. Bb2 Rd8 19. Bxd4 Nxd4 20. e3 Ne6 21. d4 Qd6 22. Qb3 b6 23. Nc2 Bb7 24. Rfc1 Rac8 25. a4 Bd5 26. Qb2 Ng5 27. Qb5 Rc4 28. Bf1 Nf3+ 29. Kh1 Rc7 30. Nb4 Be6 31. Rc6 Rxc6 32. Qxc6 Qe7 33. d5 Bc8 34. Qc4 Qd6 35. Nc6 Re8 36. Nxa7 Bb7 37. Nb5 Qh6 38. d6+ Kh8 39. h3 Nd2 40. Qf7 Bc6 41. Nd4 Qxd6 42. Nxc6 Rf8 43. Qe7 1-0

[Event "Regionalliga SW 9899"]
[Site "Bayern"]
[Date "1999.??.??"]
[Round "8.1"]
[White "Kugelmann, Werner"]
[Black "Berndt, Axel"]
[Result "1/2-1/2"]
[WhiteElo "2130"]
[BlackElo "2205"]
[PlyCount "44"]
[EventDate "1998.??.??"]
[EventType "team-tourn"]
[EventRounds "9"]
[EventCountry "GER"]
[SourceTitle "EXT 2020"]
[Source "ChessBase"]
[SourceDate "2019.10.17"]
[SourceVersion "1"]
[SourceVersionDate "2019.10.17"]
[SourceQuality "1"]
[WhiteTeam "Lauingen"]
[BlackTeam "Sendling"]
[WhiteTeamCountry "GER"]
[BlackTeamCountry "GER"]

1. e4 Nf6 2. Nc3 d5 3. e5 Ne4 4. d4 Nxc3 5. bxc3 c5 6. Nf3 Nc6 7. Be2 Bg4 8. 0-0 e6 9. Rb1 Qd7 10. Ba3 c4 11. Bxf8 Rxf8 12. Qc1 0-0-0 13. Re1 f5 14. exf6 gxf6 15. Qe3 Qd6 16. Nh4 Bxe2 17. Rxe2 e5 18. Nf5 Qd7 19. Qf3 Rg8 20. h4 Rg6 21. g3 Kb8 22. Kh2 Ka8 1/2-1/2

[Event "Regionalliga SW 9697"]
[Site "Bayern"]
[Date "1997.??.??"]
[Round "?"]
[White "Loos, Stephan"]
[Black "Berndt, Axel"]
[Result "1-0"]
[WhiteElo "2130"]
[BlackElo "2235"]
[PlyCount "55"]
[EventDate "1996.10.??"]
[EventType "team-tourn"]
[EventRounds "9"]
[EventCountry "GER"]
[SourceTitle "EXT 1999"]
[Source "ChessBase"]
[SourceDate "1998.11.16"]
[SourceVersion "1"]
[SourceVersionDate "1998.11.16"]
[SourceQuality "1"]
[WhiteTeam "Muenchen FC Bayern II"]
[BlackTeam "Sendling SC"]
[WhiteTeamCountry "GER"]
[BlackTeamCountry "GER"]

1. d4 Nf6 2. c4 c5 3. d5 b5 4. cxb5 a6 5. e3 axb5 6. Bxb5 Qa5+ 7. Nc3 Bb7 8. Bd2 Qb6 9. Qb3 e6 10. e4 Nxe4 11. Nxe4 Bxd5 12. Qd3 f5 13. Ng3 Bxg2 14. N1e2 Bxh1 15. Nxh1 Be7 16. Bc3 0-0 17. Nf4 Bf6 18. Bxf6 Rxf6 19. a4 d5 20. 0-0-0 Nc6 21. Ng3 Nd4 22. Ngh5 Rf7 23. Re1 g6 24. Nxe6 Nxe6 25. Qxd5 Nc7 26. Qxa8+ Rf8 27. Bc4+ Ne6 28. Rxe6 1-0

[Event "Regionalliga SW 9697"]
[Site "Bayern"]
[Date "1996.??.??"]
[Round "?"]
[White "Berndt, Axel"]
[Black "Lutz, Gerhard"]
[Result "1/2-1/2"]
[WhiteElo "2235"]
[BlackElo "2120"]
[PlyCount "140"]
[EventDate "1996.10.??"]
[EventType "team-tourn"]
[EventRounds "9"]
[EventCountry "GER"]
[SourceTitle "EXT 1999"]
[Source "ChessBase"]
[SourceDate "1998.11.16"]
[SourceVersion "1"]
[SourceVersionDate "1998.11.16"]
[SourceQuality "1"]
[WhiteTeam "Sendling SC"]
[BlackTeam "Garching"]
[WhiteTeamCountry "GER"]
[BlackTeamCountry "GER"]

1. e4 g6 2. d4 Nf6 3. Nc3 d5 4. e5 Nh5 5. Be2 Ng7 6. Bf3 c6 7. Bh6 Nf5 8. Bxf8 Kxf8 9. Qd2 h5 10. Nge2 Nh4 11. Qf4 Nxf3+ 12. Qxf3 Bg4 13. Qe3 Bxe2 14. Nxe2 e6 15. 0-0-0 Nd7 16. h3 Qe7 17. g4 Kg7 18. Rhg1 Nb6 19. f4 Nc4 20. Qc3 hxg4 21. hxg4 Rh2 22. Ng3 Rah8 23. Nf1 R8h3 24. Rd3 Rh1 25. Rxh1 Rxh1 26. Rd1 Qh4 27. b3 Qf2 28. bxc4 Rxf1 29. Rxf1 Qxf1+ 30. Kb2 Qxf4 31. cxd5 cxd5 32. Qb4 Qxg4 33. a4 b6 34. Kb3 Qf4 35. c3 g5 36. Qe7 g4 37. Qh4 Qf5 38. Kb2 Qg6 39. Qg3 Qg5 40. Kb3 Qg6 41. Kb4 a6 42. a5 Qb1+ 43. Ka3 Qa1+ 44. Kb3 Qd1+ 45. Kb2 Qe2+ 46. Kb3 bxa5 47. Qf4 Kf8 48. Qh6+ Ke8 49. Qh8+ Kd7 50. Qf8 Qd1+ 51. Kb2 Qd2+ 52. Kb3 a4+ 53. Kxa4 Qa2+ 54. Kb4 Qc4+ 55. Ka3 Qxc3+ 56. Ka2 Qc4+ 57. Ka3 Qc3+ 58. Ka2 Qxd4 59. Qxf7+ Kc6 60. Qxe6+ Kb5 61. Qd7+ Kb4 62. Qb7+ Kc3 63. Qb2+ Kd3 64. Qb1+ Ke3 65. e6 Qa4+ 66. Kb2 Qb4+ 67. Kc2 Qe7 68. Qe1+ Kf4 69. Kd3 Kf5 70. Qf2+ Kxe6 1/2-1/2